000
00205 a2200097 4500
001
720
100
_a
Henney,W
245
_a
Electronic components handbook
260
_a
_b
Mcgrawhill
_c
090
_c
316
_d
316
942
_a
NUST-CAE
_c
M
_c
24002
999
_c
235793
_d
235793